[Event "17th ch-MKD"]
[Site "Struga MKD"]
[Date "2008.07.15"]
[Round "2"]
[White "Pancevski,F"]
[Black "Menkinoski,R"]
[Result "0-1"]
[WhiteElo "2407"]
[BlackElo "2288"]

1.e4 c5 2.Nf3 d6 3.d4 cxd4 4.Nxd4 Nf6 5.Nc3 Nc6 6.Bg5 e6 7.Qd2 a6 8.O-O-O h6
9.Be3 Bd7 10.f3 Nxd4 11.Qxd4 e5 12.Qd2 b5 13.g4 Qa5 14.Qf2 Rb8 15.Kb1 Be6
16.Nd5 Bxd5 17.exd5 Be7 18.Rg1 Bd8 19.f4 Nd7 20.g5 hxg5 21.fxg5 Bb6 22.Bxb6 Qxb6
23.Qg3 Nc5 24.Bg2 b4 25.Rgf1 Na4 26.Ka1 Qc7 27.Rf2 Rb7 28.h3 Qa5 29.g6 f6
30.Qg4 Qd8 31.h4 Nc5 32.Bh3 Qd7 33.Qg2 Qa4 34.Qg4 Qd7 35.Qg2 Qa4 36.Rxf6 gxf6
37.g7 Rg8 38.Qg6+ Rf7 39.Be6 Rxg7 40.Bxf7+ Rxf7  0-1

[Event "Heart of Finland"]
[Site "Jyvaskyla FIN"]
[Date "2008.07.16"]
[Round "7"]
[White "Luukkonen,T"]
[Black "Kivipelto,KE"]
[Result "1/2-1/2"]
[WhiteElo "2287"]
[BlackElo "2174"]

1.e4 c5 2.Nf3 Nc6 3.d4 cxd4 4.Nxd4 Nf6 5.Nc3 d6 6.Bg5 Bd7 7.Bxf6 gxf6 8.Qd2 Rc8
9.O-O-O Nxd4 10.Qxd4 Qa5 11.f4 Qc5 12.Be2 Qxd4 13.Rxd4 Bh6 14.g3 f5 15.exf5 Bxf5
16.Ra4 a6 17.Rb4 Rc7 18.Bf3 b5 19.Re1 Kd7 20.Kd1 Be6 21.Rbe4 Bf8 22.a4 Bc4
23.axb5 axb5 24.f5 Rc5 25.R4e3 b4 26.Na4 Rb5 27.b3 Bd5 28.Be2 Rb8 29.Bh5 Rb5
30.g4 e5 31.g5 Be7 32.f6 Bd8 33.Kd2 Be6 34.Ra1 h6 35.c4 bxc3+ 36.Nxc3 Rxb3
37.Ra7+ Kc6 38.Bf3+ d5 39.Nxd5 Rxe3 40.Nxe3+ Kc5 41.h4 hxg5 42.hxg5 Bb6 43.Rb7 Rd8+
44.Ke2 Rg8 45.Nd1 Bc4+ 46.Kd2 Ba5+ 47.Ke3 Rxg5 48.Nf2 Rg6 49.Ne4+ Kc6 50.Nd2+ Kc5
51.Nxc4 Kxc4 52.Be2+ Kc3 53.Rxf7 Bd8 54.Ke4  1/2-1/2

[Event "17th ch-MKD"]
[Site "Struga MKD"]
[Date "2008.07.17"]
[Round "4"]
[White "Stanojoski,Z"]
[Black "Dancevski,O"]
[Result "1/2-1/2"]
[WhiteElo "2514"]
[BlackElo "2441"]

1.e4 c5 2.Nf3 d6 3.d4 cxd4 4.Nxd4 Nf6 5.Nc3 Nc6 6.Bg5 e6 7.Qd2 a6 8.O-O-O h6
9.Bxf6 Qxf6 10.Nb3 g5 11.Kb1 Bd7 12.h4 Rg8 13.hxg5 hxg5 14.Nc5 Rb8 15.Nxd7 Kxd7
16.Rh3 b5 17.Rd3 Qe5 18.Qe3 Kc7 19.g3 g4 20.Ne2 Kb7 21.f4 gxf3 22.Qxf3 Be7
23.c3 Qg7  1/2-1/2

[Event "XIII Open"]
[Site "Balaguer ESP"]
[Date "2008.07.18"]
[Round "5"]
[White "Guliev,L"]
[Black "Abhay,T"]
[Result "1-0"]
[WhiteElo "2436"]
[BlackElo "2263"]

1.e4 c5 2.Nf3 Nc6 3.d4 cxd4 4.Nxd4 Nf6 5.Nc3 d6 6.Bg5 e6 7.Qd2 a6 8.O-O-O Bd7
9.f4 b5 10.Bxf6 gxf6 11.Nxc6 Bxc6 12.Bd3 b4 13.Ne2 Qb6 14.Kb1 Qc5 15.Ng3 h5
16.Qe2 h4 17.Nf1 Bh6 18.g3 a5 19.Nd2 a4 20.Bc4 Ke7 21.Nf3 Rhc8 22.Nd4 Bd7
23.b3 Ra7 24.Rd2 Kf8 25.Rhd1 Bg7 26.gxh4 Bh6 27.Nf5 exf5 28.Qh5 Be6 29.Qxh6+ Ke7
30.Bxe6 Qc3 31.bxa4 Kxe6 32.e5  1-0

[Event "Heart of Finland"]
[Site "Jyvaskyla FIN"]
[Date "2008.07.18"]
[Round "9"]
[White "Luukkonen,T"]
[Black "Rehn,R"]
[Result "1-0"]
[WhiteElo "2287"]
[BlackElo "2157"]

1.e4 c5 2.Nf3 Nc6 3.d4 cxd4 4.Nxd4 Nf6 5.Nc3 d6 6.Bg5 Bd7 7.Qd2 Nxd4 8.Qxd4 Qa5
9.Bd2 Qc5 10.Qd3 g6 11.f3 Bg7 12.O-O-O Bc6 13.g4 Nd7 14.Be3 Qa5 15.Bd4 Bh6+
16.Kb1 O-O 17.h4 Bf4 18.Be3 Be5 19.Bd2 Nc5 20.Qe2 Qb6 21.h5 g5 22.Qc4 Ne6
23.h6 Rac8 24.Bd3 a6 25.Rh5 Bf6 26.Qb3 Qxb3 27.axb3 Bxc3 28.Bxc3 b5 29.Rf1 f6
30.Bd2 Be8 31.Rh2 Nc5 32.Be2 e5 33.Rd1 Bf7 34.Bb4 Rfd8 35.Bf1 Kf8 36.Rhd2 Ke7
37.Ka2 Nb7 38.Rf2 a5 39.Be1 b4 40.Ba6 Rc7 41.Kb1 Nc5 42.Bb5 Rb8 43.Bf1 Rd8
44.Rfd2 Be6 45.Bf2 Bf7 46.Bb5 Be6 47.Be3 Bf7 48.Bc4 Bxc4 49.bxc4 a4 50.Rd5 Rdd7
51.Bxc5 dxc5 52.R1d3 Ke6 53.Ka2 Rxd5 54.Rxd5 Kf7 55.c3 Kg6 56.Rd6 Ra7 57.cxb4 cxb4
58.Rb6 Kxh6 59.Rxf6+ Kg7 60.Rb6 b3+ 61.Ka3 Rf7 62.c5 Rc7 63.c6 Kf6 64.Kxa4 Ke6
65.Kxb3 Kd6 66.Kc4 Rf7 67.b4 Rxf3 68.b5 Re3 69.Rb7 Rxe4+ 70.Kc3 Re3+ 71.Kb4 Re4+
72.Ka5 Re2 73.Kb6 Kd5  1-0

[Event "19th Czech Jihlavanka B Open"]
[Site "Pardubice CZE"]
[Date "2008.07.18"]
[Round "1"]
[White "Demidowicz,M"]
[Black "Nikolaev,L"]
[Result "0-1"]
[WhiteElo "2032"]
[BlackElo "2297"]

1.e4 c5 2.Nf3 d6 3.d4 cxd4 4.Nxd4 Nf6 5.Nc3 Nc6 6.Bg5 Bd7 7.Be2 Qa5 8.Bxf6 gxf6
9.Nf5 Bxf5 10.exf5 Qxf5 11.Nd5 Rc8 12.O-O e6 13.Bg4 Qg6 14.Re1 Ne5 15.Bh5 Qxc2
16.Nxf6+ Ke7 17.Qd4 Bg7 18.f4 Rc6 19.Qd5 Bxf6 20.Rac1 Qxc1  0-1

[Event "19th Czech Chladek & Tintera A Open"]
[Site "Pardubice CZE"]
[Date "2008.07.19"]
[Round "2"]
[White "Geller,J"]
[Black "Sidorenko,I"]
[Result "1-0"]
[WhiteElo "2510"]
[BlackElo "2355"]

1.e4 c5 2.Nf3 d6 3.d4 cxd4 4.Nxd4 Nf6 5.Nc3 Nc6 6.Bg5 e6 7.Qd2 a6 8.O-O-O h6
9.Nxc6 bxc6 10.Bf4 d5 11.Qe3 Be7 12.Be2 Nd7 13.exd5 cxd5 14.h4 Bb7 15.Qg3 Bf6
16.Rhe1 Bxh4 17.Qxg7 Qf6 18.Qxf6 Bxf6 19.Bh5 Bg5 20.Bxg5 hxg5 21.Rxe6+ Kf8
22.Rd6 Ke7 23.Rxd7+ Kxd7 24.Nxd5 Raf8 25.Bf3 Kc8 26.Nb6+ Kc7 27.Rd7+ Kxb6
28.Rxb7+ Kc5 29.b4+ Kd4 30.Kb2 f5 31.Rd7+ Ke5 32.a4 Rd8 33.Re7+ Kf4 34.a5 Rd2
35.Be2 g4 36.Bxa6 Rxf2 37.Bb7 Kg3 38.a6 Rxg2 39.Bxg2 Kxg2 40.Rf7 g3 41.Rxf5 Rg8
42.b5 Kh2 43.a7  1-0

[Event "19th Czech Chladek & Tintera A Open"]
[Site "Pardubice CZE"]
[Date "2008.07.19"]
[Round "2"]
[White "Kanovsky,D"]
[Black "Chernyshov,K"]
[Result "0-1"]
[WhiteElo "2409"]
[BlackElo "2565"]

1.e4 c5 2.Nf3 Nc6 3.d4 cxd4 4.Nxd4 Nf6 5.Nc3 d6 6.Bg5 Bd7 7.Qd2 Rc8 8.O-O-O Nxd4
9.Qxd4 Qa5 10.f4 Rxc3 11.bxc3 e5 12.Qb4 Qxb4 13.cxb4 Nxe4 14.Re1 Nxg5 15.fxg5 Be7
16.h4 h6 17.Bc4 hxg5 18.hxg5 Bxg5+ 19.Kb2 Rf8 20.Bd5 Ke7 21.Kb3 b5 22.Rd1 f5
23.c4 bxc4+ 24.Bxc4 e4 25.Rd5 Bc6 26.Ra5 Be3 27.Rh5 f4 28.Raf5 Rxf5 29.Rxf5 Be8
30.a4 g6 31.Rd5 Bf7 32.Rd1 Bxc4+ 33.Kxc4 Ke6 34.a5 g5 35.b5 g4 36.b6 axb6
37.a6 b5+ 38.Kxb5 d5 39.Kc6 f3 40.gxf3 gxf3 41.Rxd5 f2 42.Rd6+ Ke7 43.Rd7+ Ke8
44.Rd1 Ba7 45.Rh1 e3 46.Kb7 e2  0-1

[Event "19th Czech Chladek & Tintera A Open"]
[Site "Pardubice CZE"]
[Date "2008.07.21"]
[Round "4"]
[White "Koepke,C"]
[Black "Hirneise,T"]
[Result "1/2-1/2"]
[WhiteElo "2330"]
[BlackElo "2481"]

1.e4 c5 2.Nf3 Nc6 3.d4 cxd4 4.Nxd4 Nf6 5.Nc3 d6 6.Bg5 e6 7.Qd2 a6 8.O-O-O Bd7
9.f3 h6 10.Be3 b5 11.Nxc6 Bxc6 12.Ne2 Bb7 13.Kb1 Rc8 14.h4 Qc7 15.Rh3 Nd7
16.g4 Ne5 17.Nf4 g6 18.Bd4 Bg7 19.Bc3 O-O 20.Be2 d5 21.Ba5 Qb8 22.exd5 Nc4
23.Bxc4 Rxc4 24.Ne2 Bxd5 25.Bc3 Rfc8 26.Bxg7 Kxg7 27.Rc1 b4 28.b3 R4c5 29.f4 Bg2
30.Rg3 Ba8 31.h5 g5 32.fxg5 Rxg5 33.Rd3 Qe5 34.Rd7  1/2-1/2

[Event "19th Czech Chladek & Tintera A Open"]
[Site "Pardubice CZE"]
[Date "2008.07.21"]
[Round "4"]
[White "Zakhartsov,Vi"]
[Black "Sidorenko,I"]
[Result "1-0"]
[WhiteElo "2556"]
[BlackElo "2355"]

1.e4 c5 2.Nf3 d6 3.d4 cxd4 4.Nxd4 Nf6 5.Nc3 Nc6 6.Bg5 e6 7.Qd2 Bd7 8.Ndb5 Qa5
9.Bxf6 gxf6 10.Nxd6+ Bxd6 11.Qxd6 O-O-O 12.Qf4 Nb4 13.Bd3 Bb5 14.Bxb5 Nxc2+
15.Ke2 Nd4+ 16.Kf1 Nxb5 17.Rc1 Nc7 18.Qxf6 Rhg8 19.g3 Qh5 20.Kg2 Rg6 21.Qf4 e5
22.Qf5+ Qxf5 23.exf5 Rb6 24.Rc2 Rd4 25.Re1 f6 26.Ne4 Kd8 27.Nc5 Rd5 28.Re4 Nb5
29.Ne6+ Ke7 30.Rh4 Nd4 31.Rxh7+ Kd6 32.Rcc7 Nxf5 33.Nd8 e4 34.Rhd7+ Ke5 35.Rxd5+ Kxd5
36.Rxb7 e3 37.fxe3 Rd6  1-0

[Event "XIII Open"]
[Site "Balaguer ESP"]
[Date "2008.07.22"]
[Round "9"]
[White "Lorenzo de la Riva,L"]
[Black "Babaev,Ra"]
[Result "0-1"]
[WhiteElo "2367"]
[BlackElo "2484"]

1.e4 c5 2.Nf3 d6 3.d4 cxd4 4.Nxd4 Nf6 5.Nc3 Nc6 6.Bg5 e6 7.Qd2 Qb6 8.Nb3 Be7
9.O-O-O O-O 10.Be3 Qc7 11.f3 a6 12.g4 b5 13.g5 Nd7 14.Kb1 b4 15.Ne2 Nde5
16.Ned4 Nxd4 17.Nxd4 Nc4 18.Bxc4 Qxc4 19.h4 a5 20.h5 a4 21.g6 Bf6 22.h6 fxg6
23.hxg7 Rf7 24.Qh2 Rxg7 25.Qxd6 Ra6 26.Qh2 e5 27.Qe2 Qxe2 28.Nxe2 Be6 29.Bc5 Rb7
30.Nc1 Rc6 31.Rd6 Rxd6 32.Bxd6 Bc4 33.b3 axb3 34.axb3 Ba6 35.Rh2 Rb6 36.Bc5 Rb5
37.Bd6 h5 38.Nd3 Rb6 39.Bc5 Rc6 40.Nxb4 Rxc5 41.Nxa6 Rc3 42.Nb4 Rxf3 43.Nd5 Bd8
44.b4 h4 45.b5 g5 46.b6 Rf7 47.c4 g4 48.c5 g3 49.Rg2 Kh7 50.Ne3 Kg6 51.Kc2 Kg5
52.Nf5 Kf4 53.Rd2 Bxb6 54.cxb6 h3 55.Nxg3 Kxg3 56.Rd3+ Kf4 57.Rd8 Rh7 58.Rg8 Kf3
59.Rg1  0-1

[Event "Dutch Open"]
[Site "Dieren NED"]
[Date "2008.07.22"]
[Round "1"]
[White "Boel,M"]
[Black "Nijboer,F"]
[Result "1/2-1/2"]
[WhiteElo "2184"]
[BlackElo "2564"]

1.e4 c5 2.Nf3 Nc6 3.d4 cxd4 4.Nxd4 Nf6 5.Nc3 d6 6.Bg5 e6 7.Qd2 a6 8.O-O-O Bd7
9.f4 h6 10.Bh4 g5 11.fxg5 Ng4 12.Be2 Nge5 13.Nf3 Be7 14.Rhg1 b5 15.Rdf1 Qa5
16.Kb1 b4 17.Nd1 hxg5 18.Bxg5 Bxg5 19.Nxg5 b3 20.Qxa5 bxc2+ 21.Kxc2 Nxa5
22.Nc3 Rxh2 23.Rh1 Rxh1 24.Rxh1 Ke7 25.Nf3 Nac6 26.Nxe5 dxe5 27.Rh7 Rg8 28.Bf1 Nd4+
29.Kc1 Bb5 30.Nxb5 axb5 31.Rh3 Rg4 32.Re3 Rf4 33.Bd3 Rf2 34.Rg3 b4 35.Rg8 Ne2+
36.Bxe2 Rxe2 37.Rg4 Kd6 38.a3 bxa3 39.bxa3 Kc5 40.Kd1 Rb2 41.Rg7 Rb7 42.g4 Ra7
43.g5 Rxa3 44.Rxf7 Rg3 45.Rg7 Kd4 46.Rg6 Kxe4 47.Rxe6 Rxg5 48.Ra6 Kf3 49.Ra3+ Kf2
50.Ra2+ Kf3 51.Ra3+ Kf4 52.Ke2 e4 53.Ke1 Rc5 54.Ke2 Rh5 55.Rb3 Rh2+ 56.Ke1 Ra2
57.Rc3 Ke5 58.Rb3 Kd4 59.Rb4+ Kd3 60.Rb3+ Kc4 61.Re3 Kd4 62.Rb3 Rc2 63.Ra3 Rc3
64.Rxc3 Kxc3 65.Ke2 Kd4 66.Kd2 e3+ 67.Ke2 Ke4 68.Ke1 Kd3 69.Kd1 e2+ 70.Ke1 Ke3  1/2-1/2

[Event "XIII Open"]
[Site "Balaguer ESP"]
[Date "2008.07.23"]
[Round "10"]
[White "Guliev,L"]
[Black "Guramishvili,S"]
[Result "1-0"]
[WhiteElo "2436"]
[BlackElo "2302"]

1.e4 c5 2.Nf3 d6 3.d4 cxd4 4.Nxd4 Nf6 5.Nc3 Nc6 6.Bg5 a6 7.Bxf6 gxf6 8.Qd2 e6
9.O-O-O Qb6 10.Nb3 Rg8 11.f4 h5 12.g3 h4 13.Kb1 hxg3 14.hxg3 Bd7 15.Qe1 Rg7
16.a3 O-O-O 17.Na4 Qa7 18.Rd3 Be7 19.Na5 b5 20.Nxc6 Bxc6 21.Nc3 f5 22.Nxb5 axb5
23.Qc3 Kd7 24.Qxg7 Bxe4 25.Rc3 Rb8 26.Rh8 b4 27.Rxb8 Qxb8 28.axb4 Qb6 29.Qg8 Bb7
30.Bd3 Qg1+ 31.Ka2 Qb6 32.Rb3 Bd5 33.c4 Qa6+ 34.Ra3 Bxc4+ 35.Ka1 Bxd3 36.Rxa6 Bxa6
37.Qa8 Bd3 38.b5  1-0

[Event "Dutch Open"]
[Site "Dieren NED"]
[Date "2008.07.23"]
[Round "2"]
[White "Timmermans,M"]
[Black "Beeke,B"]
[Result "1/2-1/2"]
[WhiteElo "2118"]
[BlackElo "2201"]

1.e4 c5 2.Nf3 d6 3.d4 cxd4 4.Nxd4 Nf6 5.Nc3 Nc6 6.Bg5 Bd7 7.Be2 e6 8.Ndb5 Qb8
9.a4 Be7 10.Qd2 a6 11.Na3 Qc7 12.Rd1 Rd8 13.Nc4 Bc8 14.Be3 Qb8 15.Bf4 Ne5
16.O-O O-O 17.Qe3 Nxc4 18.Bxc4 Qc7 19.Qe2 Qb6 20.Be3 Qc6 21.Bd3 Nd7 22.Bc4 Nc5
23.b3 Nxe4 24.Nxe4 Qxe4 25.Bd3 Qh4 26.f4 e5 27.Be4 Bg4 28.Bf3 Bxf3 29.Qxf3 exf4
30.Bxf4 Rd7 31.Rd5 f5 32.Bg3 Qe4 33.Rxf5 Qxf5 34.Qxf5 Rxf5 35.Rxf5 d5 36.Kf1 Bf6  1/2-1/2

[Event "Politiken Cup"]
[Site "Helsingor DEN"]
[Date "2008.07.23"]
[Round "6"]
[White "Suntharalingam,J"]
[Black "Holst,C"]
[Result "0-1"]
[WhiteElo "1929"]
[BlackElo "2161"]

1.e4 c5 2.Nf3 d6 3.d4 cxd4 4.Nxd4 Nf6 5.Nc3 Nc6 6.Bg5 e6 7.Qd2 a6 8.O-O-O Bd7
9.f4 b5 10.Nxc6 Bxc6 11.e5 dxe5 12.Qxd8+ Rxd8 13.Rxd8+ Kxd8 14.fxe5 h6 15.Bh4 g5
16.Bxg5 hxg5 17.exf6 Bc5 18.Ne2 Kc7 19.h4 Be3+ 20.Kd1 Rd8+ 21.Ke1 g4 22.c3 e5
23.Ng3 Bd2+ 24.Kf2 Rd6 25.Nh5 Bf4 26.Nxf4 exf4 27.h5 g3+ 28.Ke2 Rxf6 29.h6 f3+
30.Kd3 Rd6+ 31.Kc2 fxg2 32.Bxg2 Bxg2 33.h7 Be4+ 34.Kb3 Bxh7 35.Rxh7 g2 36.Rxf7+ Rd7  0-1

[Event "1st Open"]
[Site "Paleochora GRE"]
[Date "2008.07.23"]
[Round "4"]
[White "Dembo,Y"]
[Black "Perunovic,Mil"]
[Result "1/2-1/2"]
[WhiteElo "2431"]
[BlackElo "2589"]

1.e4 c5 2.Nf3 Nc6 3.d4 cxd4 4.Nxd4 Nf6 5.Nc3 d6 6.Bg5 e6 7.Qd2 Be7 8.O-O-O Nxd4
9.Qxd4 O-O 10.h4 a6 11.f3 Qa5 12.Bd2 Qc7 13.h5 b5 14.h6 g6 15.Bg5 e5 16.Bxf6 Bxf6
17.Qxd6 Qxd6 18.Rxd6 Be7 19.Rd1 Be6  1/2-1/2

[Event "19th Czech Chladek & Tintera A Open"]
[Site "Pardubice CZE"]
[Date "2008.07.23"]
[Round "6"]
[White "Kanovsky,D"]
[Black "Gutenev,A"]
[Result "1/2-1/2"]
[WhiteElo "2409"]
[BlackElo "2280"]

1.e4 c5 2.Nf3 Nc6 3.d4 cxd4 4.Nxd4 Nf6 5.Nc3 d6 6.Bg5 Bd7 7.Qd2 Rc8 8.O-O-O Nxd4
9.Qxd4 Qa5 10.f4 h6 11.Bxf6 gxf6 12.Be2 Qc5 13.Qd3 f5 14.Bf3 Bg7 15.e5 O-O
16.Rhe1 Rfd8 17.Nd5 dxe5 18.b4 Qd6 19.fxe5 Qe6 20.g4 Kf8 21.h3 Qa6 22.Qxa6 bxa6
23.Nf4 fxg4 24.hxg4 Ba4 25.Rxd8+ Rxd8 26.Bd5 Rb8 27.Nd3 Rd8 28.Nf4 Rb8 29.Rf1 Ke8
30.e6 fxe6 31.Nxe6 Bf6 32.Rf4 Bd7 33.Rc4 Rc8 34.Nc5 Bb5 35.Re4 a5 36.a4 axb4
37.axb5 Rxc5 38.Bc6+ Kd8 39.Rxb4 Bc3 40.Rf4 Kc7 41.Re4 Bf6 42.c4 h5 43.gxh5 Rxh5
44.Re6 Re5 45.Rxe5  1/2-1/2

[Event "Politiken Cup"]
[Site "Helsingor DEN"]
[Date "2008.07.24"]
[Round "7"]
[White "Socko,B"]
[Black "Iljushin,A"]
[Result "1-0"]
[WhiteElo "2627"]
[BlackElo "2546"]

1.e4 c5 2.Nf3 Nc6 3.d4 cxd4 4.Nxd4 Nf6 5.Nc3 d6 6.Bg5 Bd7 7.Qd2 a6 8.O-O-O e6
9.f4 h6 10.Bh4 g5 11.fxg5 Ng4 12.Nf3 Be7 13.g3 Nge5 14.Nxe5 Nxe5 15.gxh6 Bxh4
16.gxh4 Bc6 17.Be2 Qe7 18.Qxd6 Qxd6 19.Rxd6 Rxh6 20.h5 Ke7 21.Rdd1 f5 22.Rhf1 fxe4
23.Rf4 Rg8 24.Nxe4 Rg2 25.Re1 Rxh2 26.Bd1 Rg2 27.b3 Nd7 28.Ref1 Rg7 29.a4 e5
30.Rh4 a5 31.Nd2 b6 32.Nc4 Rg5 33.Ne3 Rh7 34.Be2 Nc5 35.Nc4 Nd7 36.Kd2 Bd5
37.Ne3 Be6 38.h6 Rh8 39.Bd3 Nc5 40.Bc4 Bxc4 41.Nxc4 Nd7 42.h7 Rg2+ 43.Kc3 Rg3+
44.Kb2 Rg6 45.Re1 Rg7 46.Nxe5 Nxe5 47.Rxe5+ Kd6 48.Rb5  1-0

[Event "Politiken Cup"]
[Site "Helsingor DEN"]
[Date "2008.07.24"]
[Round "7"]
[White "Johansen,St"]
[Black "Jorgensen,O"]
[Result "1-0"]
[WhiteElo "1905"]
[BlackElo "1678"]

1.e4 c5 2.Nf3 d6 3.d4 cxd4 4.Nxd4 Nc6 5.Nc3 Nf6 6.Bg5 Qb6 7.Bxf6 gxf6 8.Nd5 Qxb2
9.Nxc6 bxc6 10.Rb1 Qxa2 11.Nc7+ Kd8 12.Nxa8 Bh6 13.Bd3 Qa5+ 14.Kf1 Rg8 15.Ra1 Qg5
16.g3 Bg4 17.Qe1 Bh3+ 18.Kg1 Qf4 19.Qa5+ Ke8 20.Nc7+ Kf8 21.Ne6+ fxe6 22.Qd8+ Kf7
23.Qxg8+ Kxg8 24.gxf4  1-0

[Event "19th Czech Jihlavanka B Open"]
[Site "Pardubice CZE"]
[Date "2008.07.25"]
[Round "8"]
[White "Al Sulaiti,G"]
[Black "Van den Berg,Hi"]
[Result "1-0"]
[WhiteElo "2135"]
[BlackElo "2195"]

1.e4 c5 2.Nf3 d6 3.d4 cxd4 4.Nxd4 Nf6 5.Nc3 Nc6 6.Bg5 e6 7.Qd2 a6 8.O-O-O h6
9.Be3 Bd7 10.f3 b5 11.g4 Ne5 12.Bd3 b4 13.Nce2 d5 14.g5 hxg5 15.Bxg5 dxe4
16.Bxe4 Nxe4 17.fxe4 Be7 18.Bxe7 Qxe7 19.Ng3 a5 20.Qe2 a4 21.Nf3 Nxf3 22.Qxf3 Bc6
23.Kb1 Rh4 24.Rd2 a3 25.Qe3 f5 26.Qb6 Qb7 27.Qxb7 Bxb7 28.Rd4 Bxe4 29.Nxe4 Rxe4
30.Rxe4 fxe4 31.Re1 Rd8 32.bxa3 bxa3 33.Kc1 Rd4 34.Re3 Ra4 35.c3 Ke7 36.Kc2 Ra5
37.Rxe4 Rf5 38.Kb3 Rf3 39.Re2 Kd6 40.Rg2 Rh3 41.Rxg7 Rxh2 42.Kxa3 e5 43.Kb3 e4
44.Rg5 Rd2 45.a4 Rd1 46.Rg8 Ra1 47.Re8 Kd5 48.c4+ Kd4 49.Rd8+ Ke3 50.c5 Kf2
51.Rf8+ Kg2 52.Re8 Kf3 53.Rf8+ Kg3 54.Kc3 Rxa4 55.c6 Ra7 56.Kd4 Re7 57.Ke3 Kg4
58.Rf4+ Kg5 59.Rxe4 Rc7 60.Rc4 Kf6 61.Kd4 Ke7 62.Kc5 Kd8 63.Kb5 Ke7 64.Kb6 Rc8
65.Kb7  1-0

[Event "19th Czech Chladek & Tintera A Open"]
[Site "Pardubice CZE"]
[Date "2008.07.25"]
[Round "8"]
[White "Dobrowolski,P"]
[Black "Hirneise,T"]
[Result "1-0"]
[WhiteElo "2426"]
[BlackElo "2481"]

1.e4 c5 2.Nf3 Nc6 3.d4 cxd4 4.Nxd4 Nf6 5.Nc3 d6 6.Bg5 e6 7.Qd2 a6 8.O-O-O h6
9.Nxc6 bxc6 10.Bf4 d5 11.Qe3 Be7 12.Be2 O-O 13.h4 Nd7 14.Qg3 Kh8 15.e5 Rg8
16.Bh5 Qf8 17.Rd3 Rb8 18.Rf3 g6 19.Bg4 Rb4 20.a3 Rc4 21.b3 Bxa3+ 22.Kb1 Rxc3
23.Rxc3 Nc5 24.Qe3 Kh7 25.Qd4 Ne4 26.Rxc6 Bc5 27.Rxc5 Qxc5 28.Qxc5 Nxc5 29.Be3 Nd7
30.f4 Bb7 31.Kb2 Rc8 32.h5 g5 33.fxg5 Nxe5 34.g6+ Kg8 35.gxf7+ Kxf7 36.Bh3 Rg8
37.Rf1+ Ke7 38.Bxh6 d4 39.Re1 Ng4 40.Bf4 Bd5 41.h6 Nf6 42.Be5 Rg6 43.Bxd4 Bxg2
44.Rxe6+ Kf7 45.Rxf6+ Rxf6 46.Bxf6  1-0

[Event "19th Czech Chladek & Tintera A Open"]
[Site "Pardubice CZE"]
[Date "2008.07.25"]
[Round "8"]
[White "Maslak,K"]
[Black "Pinchuk,S"]
[Result "1/2-1/2"]
[WhiteElo "2521"]
[BlackElo "2413"]

1.e4 c5 2.Nf3 d6 3.d4 cxd4 4.Nxd4 Nf6 5.Nc3 Nc6 6.Bg5 e6 7.Qd2 h6 8.Bxf6 gxf6
9.O-O-O a6 10.f4 Bd7 11.Kb1 Qb6 12.Nb3 O-O-O 13.Be2 h5 14.Rhf1 Kb8 15.Rf3 Be7
16.Rh3 h4 17.Qe1 Rdg8 18.Bf3 Qd8 19.Rxh4 Rxh4 20.Qxh4 Rh8 21.Qg3 Qg8 22.Qxg8+ Rxg8
23.Ne2 Rh8 24.h3 Kc7 25.Ng3 Bc8 26.Nh5 Bd8 27.g4 Kd7 28.Kc1 Ke7 29.Kd2 Bb6
30.Ke2 Bd7 31.c3 Rc8 32.h4 a5 33.Nd2 a4 34.a3 Na5 35.Kd3 Bb5+ 36.Kc2 Nc6
37.Rh1 Nd4+ 38.Kd1 Nxf3 39.Nxf3 Bd3 40.Nd2 Bb5 41.g5 fxg5 42.hxg5 Rh8 43.Rh3 Be8
44.Nf1 Bc6 45.Nd2 Be8 46.f5 exf5 47.Nc4 Bc5 48.exf5 Bd7 49.Ne3 Kd8 50.Kd2 Bxe3+
51.Kxe3 Bxf5 52.Rh1 Bg6 53.Ng3 Re8+ 54.Kf4 Re5 55.Rd1 Kc7 56.Rd4 Rb5 57.Rc4+ Kd7
58.Rxa4  1/2-1/2

[Event "Dutch Open"]
[Site "Dieren NED"]
[Date "2008.07.26"]
[Round "5"]
[White "Beijerinck,N"]
[Black "Cheung,J"]
[Result "0-1"]
[WhiteElo "2106"]
[BlackElo "2112"]

1.e4 c5 2.Nf3 d6 3.d4 cxd4 4.Nxd4 Nf6 5.Nc3 Nc6 6.Bg5 e6 7.Qd2 a6 8.f4 Bd7
9.O-O-O b5 10.Nd5 exd5 11.e5 dxe5 12.fxe5 Ne4 13.Bxb5 axb5 14.Nxb5 Nxd2 15.Bxd8 Kxd8  0-1

[Event "19th Czech Jihlavanka B Open"]
[Site "Pardubice CZE"]
[Date "2008.07.26"]
[Round "9"]
[White "Dorst,J"]
[Black "Yuffa,D"]
[Result "1-0"]
[WhiteElo "2198"]
[BlackElo "2109"]

1.e4 c5 2.Nf3 Nc6 3.d4 cxd4 4.Nxd4 Nf6 5.Nc3 d6 6.Bg5 Bd7 7.Be2 h6 8.Bxf6 gxf6
9.Nf5 Qa5 10.O-O O-O-O 11.a3 Kb8 12.Nd5 Rc8 13.b4 Qd8 14.Nde3 Be8 15.c4 e6
16.Nd4 Be7 17.Nb3 Ne5 18.f4 Ng6 19.Nd4 Qb6 20.Kh1 Ka8 21.Qd2 Bc6 22.Nxc6 Qxc6
23.Qd3 Bd8 24.a4 h5 25.a5 a6 26.b5 Qc5 27.bxa6 bxa6 28.e5 Bc7 29.Bf3+ Ka7
30.exd6 Bxd6 31.Rab1 Rb8 32.Rb6 Bxf4 33.Qe4 f5 34.Rb7+ Ka8 35.Rxb8+  1-0

[Event "19th Czech Chladek & Tintera A Open"]
[Site "Pardubice CZE"]
[Date "2008.07.26"]
[Round "9"]
[White "Alavkin,A"]
[Black "Daskevics,Va"]
[Result "1/2-1/2"]
[WhiteElo "2439"]
[BlackElo "2332"]

1.e4 c5 2.Nf3 Nc6 3.d4 cxd4 4.Nxd4 Nf6 5.Nc3 d6 6.Bg5 e6 7.Qd2 a6 8.Be2 Bd7
9.O-O-O h6 10.Be3 b5  1/2-1/2

[Event "ZMD Open"]
[Site "Dresden GER"]
[Date "2008.07.27"]
[Round "9"]
[White "Lobzhanidze,D"]
[Black "Mamedov,Nid"]
[Result "1/2-1/2"]
[WhiteElo "2488"]
[BlackElo "2564"]

1.e4 c5 2.Nf3 d6 3.d4 cxd4 4.Nxd4 Nf6 5.Nc3 Nc6 6.Bg5 e6 7.Qd2 Qb6 8.O-O-O a6
9.f3 Qxd4 10.Qxd4 Nxd4 11.Rxd4 Be7 12.Be2 Bd7 13.Rhd1 Bc6 14.Kb1 Rc8 15.Bh4 d5
16.exd5 Nxd5 17.Nxd5 Bxd5 18.Bxe7 Kxe7 19.c4 Bc6 20.b4 e5 21.Rd6 Rhd8 22.Rxd8 Rxd8
23.Rxd8 Kxd8 24.Kc2 f5 25.Kb3 Kc7 26.h4  1/2-1/2

[Event "Politiken Cup"]
[Site "Helsingor DEN"]
[Date "2008.07.27"]
[Round "10"]
[White "Berg,E"]
[Black "Savchenko,B"]
[Result "1/2-1/2"]
[WhiteElo "2592"]
[BlackElo "2578"]

1.e4 c5 2.Nf3 Nc6 3.d4 cxd4 4.Nxd4 Nf6 5.Nc3 d6 6.Bg5 e6 7.Qd2 Be7 8.O-O-O Nxd4
9.Qxd4 O-O 10.f4 Qa5 11.Bc4 Bd7 12.e5 dxe5 13.fxe5 Bc6 14.Bd2 Nd7 15.Nd5 Qd8
16.Nxe7+ Qxe7 17.Rhe1 Rfd8 18.Qg4 Nf8 19.h4 Qc5 20.Bc3 h5 21.Qe2 Bxg2 22.Bd3 Qc6
23.Qxh5 Bf3 24.Qg5 Bxd1 25.Rxd1 Qf3 26.Rf1 Qh3 27.Rg1 g6 28.Be4 Rd7 29.Bb4 Nh7
30.Qf4 Rd4 31.Bc5 Rc4 32.Be3 Rac8 33.b3 Rc3 34.Bd4 Rd8  1/2-1/2

[Event "Dutch Open"]
[Site "Dieren NED"]
[Date "2008.07.28"]
[Round "6"]
[White "Ootes,Le"]
[Black "Beeke,B"]
[Result "1/2-1/2"]
[WhiteElo "2064"]
[BlackElo "2201"]

1.e4 c5 2.Nf3 d6 3.d4 cxd4 4.Nxd4 Nf6 5.Nc3 Nc6 6.Bg5 e6 7.Qd2 a6 8.O-O-O Bd7
9.f3 Be7 10.h4 b5 11.Nxc6 Bxc6 12.g4 O-O 13.Ne2 Qc7 14.Bxf6 Bxf6 15.g5 Be7
16.Nd4 Bb7 17.Re1 Rac8 18.Rg1 Rfd8 19.h5 e5 20.Nf5 d5 21.Bd3 dxe4 22.fxe4 Bc5
23.Rg3 Qb6 24.Rh3 Qe6 25.Kb1 Bxe4 26.Rxe4 Qxf5 27.Qg2 Qe6 28.Rg4 Rd4 29.Rhh4 g6
30.hxg6 fxg6 31.Rxd4 exd4 32.Be4 Rd8 33.Qh1 Rd7 34.Bc6 Rd8 35.Rxh7 Bf8 36.Rh8+ Kf7
37.Rh4 Bg7 38.Rf4+ Kg8 39.Qe4 Qxe4 40.Bxe4 Be5 41.Rf1 Kg7 42.Kc1 Rh8 43.Kd2 Rh4
44.Kd3 Rg4 45.Rf2 Rxg5 46.Rg2 Rxg2 47.Bxg2 Kf6 48.Bb7 a5 49.a3 Bf4 50.Kxd4 Be5+
51.Kc5 Bxb2 52.Kxb5 Bc3 53.Kc4 Bd2 54.Kd5 g5 55.c4 g4 56.Kd6 a4 57.Kc5 Ke5
58.Kb5 Kd4 59.c5 Bf4 60.Bg2 Kc3 61.Kxa4 Kc4 62.c6 Bc7 63.Bf1+ Kc5 64.Bg2 Kc4
65.Bf3 gxf3  1/2-1/2

[Event "Dutch Open"]
[Site "Dieren NED"]
[Date "2008.07.28"]
[Round "6"]
[White "Van der Knijff,R"]
[Black "Beijerinck,N"]
[Result "1/2-1/2"]
[WhiteElo "1998"]
[BlackElo "2106"]

1.e4 c5 2.Nf3 d6 3.d4 cxd4 4.Nxd4 Nf6 5.Nc3 Nc6 6.Bg5 Bd7 7.Be2 Qa5 8.Bxf6 gxf6
9.O-O Nxd4 10.Qxd4 Qc5 11.Qxc5 dxc5 12.Nb5 Kd8 13.Rfd1 a6 14.a4 Rc8 15.f4 Bh6
16.Bg4 f5 17.Bxf5 e6 18.Nd6 exf5 19.Nxf7+ Ke7 20.Nxh6 fxe4 21.Rd5 Rhf8 22.Re5+ Kf6
23.Rd1 Bxa4 24.b3 Be8 25.Rxe4 Bg6 26.f5 Bxf5 27.Nxf5 Kxf5 28.Re7 Rcd8 29.Rf1+ Kg6
30.Rxf8 Rxf8 31.Rxb7 Rd8 32.h3 Rd2 33.c4 Rd6 34.Rc7 Rb6 35.Rxc5 Rxb3 36.Rc6+ Kg7
37.Rxa6 Rc3 38.Rc6 Rc2 39.Kf1 h6 40.Kg1 Kh7 41.Kh2 Rc3 42.h4 h5 43.g3 Kg7
44.Rc8 Kh7 45.c5 Kg7 46.c6 Kh7 47.Kg2 Kg7 48.Kf2 Kh7 49.c7 Kg7 50.Ke2 Kh7
51.Kd2 Rc6 52.Kd3 Kg7 53.Kd4 Rc1 54.Ke5 Re1+ 55.Kf5 Rc1  1/2-1/2

[Event "III Open"]
[Site "Oviedo ESP"]
[Date "2008.07.28"]
[Round "6"]
[White "Guerrero Olmos,S"]
[Black "Guliyev,N"]
[Result "0-1"]
[WhiteElo "2325"]
[BlackElo "2510"]

1.e4 c5 2.Nf3 d6 3.d4 cxd4 4.Nxd4 Nf6 5.Nc3 Nc6 6.Bg5 e6 7.Qd2 a6 8.O-O-O Bd7
9.f4 b5 10.e5 dxe5 11.fxe5 Nxe5 12.Nf3 Nxf3 13.gxf3 Bc6 14.Qf4 Qb8 15.Qh4 Be7
16.Ne4 Qe5 17.Bg2 Nxe4 18.Bxe7 g5 19.Qe1 Kxe7 20.fxe4 Rhd8 21.Qb4+ Ke8 22.Rhf1 Rxd1+
23.Rxd1 a5 24.Qa3 b4 25.Qh3 Qf4+ 26.Kb1 Rd8 27.Rxd8+ Kxd8 28.Qd3+ Ke7 29.a3 Qxh2
30.Qc4 Qd6 31.axb4 axb4 32.Bf3 Bd7 33.e5 Qxe5 34.Qxb4+ Qd6 35.Qa5 e5 36.Qe1 Qd4
37.Qh1 Bf5 38.Bc6 e4 39.Qg2 Kf6 40.Qh2 Kg7 41.Qg3 h6 42.Bb5 e3 43.Be2 Qf4  0-1